| 000 | 01149cam a22002295a 4500 | ||
|---|---|---|---|
| 999 |
_c121167 _d121167 |
||
| 001 | K121167 | ||
| 008 | 170627s2019 xxk f 000 0 eng d | ||
| 035 | _a(Sirsi) u159427 | ||
| 041 | 0 | _aeng | |
| 110 | 2 | _aRoyal Institution of Chartered Surveyors | |
| 245 | 0 | 0 |
_aRICS Valuation - Global Standards 2020 _bBasis for conclusion |
| 260 |
_aLondon _bRICS _c2019 |
||
| 520 | _aThe Basis for Conclusions explains the rationale behind the more significant changes made in the final version of the Red Book 2020 (K121166). Specifically, it addresses the main refinements made in consequence of the responses received to the public consultation. It has been produced purely to assist the reader and does not form part of the standards. | ||
| 590 | _aNTK | ||
| 650 | 2 | 4 | _aRICS VALUATION STANDARDS |
| 650 | 2 | 4 | _aINTERNATIONAL VALUATION STANDARDS 2020 |
| 650 | 2 | 4 | _aRED BOOK |
| 651 | 4 | _aInternational | |
| 690 |
_aValuation _96273 |
||
| 856 | 4 | 0 |
_uhttps://www.rics.org/globalassets/rics-website/media/upholding-professional-standards/sector-standards/valuation/red-book-global--basis-for-conclusions.pdf _zView the item at rics.org |
| 942 | _n0 | ||